[Event "HUN--chT U12"]
[Site "Budapest"]
[Date "2019.10.29"]
[Round "7.3"]
[White "Meszaros, Jazmin"]
[Black "Csernyik, Mark"]
[Result "0-1"]
[WhiteElo "1171"]
[BlackElo "1749"]
[PlyCount "72"]
[EventDate "2019.10.26"]
[EventType "team-swiss"]
[EventRounds "7"]
[EventCountry "HUN"]
[SourceTitle "CBM 192 Extra"]
[Source "Chessbase"]
[SourceDate "2019.11.06"]
[SourceVersion "1"]
[SourceVersionDate "2019.11.06"]
[SourceQuality "1"]
[WhiteTeam "Csepel"]
[BlackTeam "Kobanya Aquarena"]
[WhiteTeamCountry "HUN"]
[BlackTeamCountry "HUN"]

1. e4 d5 2. Nc3 dxe4 3. Nxe4 Nf6 4. Nxf6+ exf6 5. Nf3 Nc6 6. Be2 Bd6 7. 0-0 Bf5 8. Bd3 Bxd3 9. cxd3 0-0 10. Nh4 Be5 11. Qg4 Qxd3 12. Nf5 g6 13. Nh6+ Kh8 14. Re1 Nd4 15. Qe4 Qxe4 16. Rxe4 Rae8 17. d3 f5 18. Re3 Nc2 19. Rb1 Nxe3 20. Bxe3 Kg7 21. Bc5 Bd6 22. Bxd6 cxd6 23. Rc1 Rc8 24. Rxc8 Rxc8 25. g3 Kxh6 26. Kg2 Rc2 27. a3 Rd2 28. b4 Rxd3 29. a4 d5 30. b5 Rb3 31. a5 d4 32. b6 axb6 33. axb6 d3 34. Kh3 d2 35. Kh4 d1Q 36. f4 Qg4# 0-1

[Event "HUN--chT U12"]
[Site "Budapest"]
[Date "2019.10.27"]
[Round "3.3"]
[White "Meszaros, Jazmin"]
[Black "Porpaczy, Marton"]
[Result "0-1"]
[WhiteElo "1171"]
[BlackElo "1066"]
[PlyCount "38"]
[EventDate "2019.10.26"]
[EventType "team-swiss"]
[EventRounds "7"]
[EventCountry "HUN"]
[SourceTitle "CBM 192 Extra"]
[Source "Chessbase"]
[SourceDate "2019.11.06"]
[SourceVersion "1"]
[SourceVersionDate "2019.11.06"]
[SourceQuality "1"]
[WhiteTeam "Csepel"]
[BlackTeam "Szombathelyi"]
[WhiteTeamCountry "HUN"]
[BlackTeamCountry "HUN"]

1. e4 e5 2. Nf3 Nc6 3. Nc3 Bc5 4. Bc4 Nf6 5. 0-0 d6 6. Ng5 0-0 7. Qg4 Bxg4 8. h3 Bh5 9. d3 h6 10. Nf3 Bxf3 11. gxf3 Nd4 12. Rd1 Qd7 13. Kf1 Qxh3+ 14. Ke1 Nxc2+ 15. Kd2 Nxa1 16. Nd5 Nxd5 17. Bxd5 Qg2 18. Re1 Qxf2+ 19. Kd1 Qc2# 0-1